000 00430nam a2200169Ia 4500
003 GCL
008 140319s9999 xx 000 0 eng d
040 _aGCL /
_cGCL
082 0 4 _a757.22
_bC I
100 1 _aCONSTANCE, DIANA
245 1 0 _aAN INTRODUCTION TO DRAWING THE NUDE /
_cCONSTANCE, DIANA
260 _a[S.N] :
_bTHE APPLE PRESS ،
_c1993
300 _a128 PP
650 0 4 _aDRAWING
650 0 4 _aARTS
942 _2ddc
_cBK
999 _c18870
_d18870